01018nam a2200205Ia 4500003000900000008004100009020001800050040001600068080002300084111014800107245027300255260003300528300001500561650004100576650002500617700002400642942000700666999001500673952012400688IN-BaIIA211028s9999 xx 000 0 eng d a0-08-024437-8 cIIA Library a063.624.19 20bRYC aopen meetings of the working groups on physical sciences of the twenty-second plenary meeting of COSPARc Bangalored1979 May 29-June 9911667 0aCOSPAR Space Researchbproceedings of the open meetings of the working groups on physical sciences of the twenty-second plenary meeting of COSPAR, vol. XX, held in Bangalore, India, 29 May-9 June, 1979cedited by M. J. Rycroft  aOxfordbPergamon Pressc1980 axiv, 285p. aAstronomy and Astrophysics thesaurus aSpace sciences94479 aRycroft, M. J., ed. cBK c6811d6811 00104070aBANbBANcGENd1981-07-21g475.00l0o063.624.19 20/ RYCp7573r2021-11-05v475.00w1981-07-21yBKGRs. 475